Nastupuje stabilizace Ekonomika střední a východní Evropy

Predpoklad budúceho vývoja štátov strednej a východnej Európy (SVE - Maďarsko, Poľsko, Česká republika, Slovensko, Bulharsko, Rumunsko, štáty bývalého ZSSR) a väzieb medzi týmito štátmi. Vývoj hrubého domáceho produktu. Vývoj priemyselnej výroby. Vývoj poľnohospodárskej výroby. Životná úroveň. Zahra...

Descrizione completa

Salvato in:
Dettagli Bibliografici
Natura: Capitolo di libro
Lingua:ceco
Soggetti:
Tags: Aggiungi Tag
Nessun Tag, puoi essere il primo ad aggiungerne!!

MARC

LEADER 00000naa a2200000 4500
001 r015895
005 20221205090002.8
041 0 |a cze 
044 |a CZ 
245 1 0 |a Nastupuje stabilizace  |b Ekonomika střední a východní Evropy 
520 |a Predpoklad budúceho vývoja štátov strednej a východnej Európy (SVE - Maďarsko, Poľsko, Česká republika, Slovensko, Bulharsko, Rumunsko, štáty bývalého ZSSR) a väzieb medzi týmito štátmi. Vývoj hrubého domáceho produktu. Vývoj priemyselnej výroby. Vývoj poľnohospodárskej výroby. Životná úroveň. Zahraničný obchod. Súhrnné zhrnutie ekonomického vývoja krajín SVE. 
610 2 0 |a vývoj hospodársky 
610 2 0 |a produkt domáci hrubý 
610 2 0 |a výroba priemyselná 
610 2 0 |a výroba poľnohospodárska 
610 2 0 |a úroveň životná 
610 2 0 |a obchod zahraničný 
610 2 0 |a stredná Európa 
610 2 0 |a východná Európa